000
00262nam a2200097Ia 4500
001
1224696
005
20250827092931.0
008
250824s9999 xx 000 0 und d
245
0
_a
BÜYÜKLER İNSAN OLABİLİR Mİ
_c
JAMIE KELLY
260
_b
ALTIN KİTAP YAYINLARI
999
_c
1224696
_d
1224696